000
00235nam a2200097Ia 4500
001
983013
005
20250826220957.0
008
250824s9999 xx 000 0 und d
245
0
_a
DAHİLER SINIFI
_c
JACOPO OLİVİERİ
260
_b
DOMİNGO
999
_c
983013
_d
983013